000 02974nam0a2200409 i 4500
001 RU\NLR\BIBL_A\010968359
005 20241114211558.0
010 _a9785398013900
_9100
021 _aRU
_b2015-102903
_96418
035 _a(NILC)RuMoRGB-008117354
035 _a(NLR Aleph) 010968359
090 _a10809254
_c10809254
100 _a20160202d2015 k y0rusy50 ca
101 0 _arus
_deng
102 _aRU
105 _aa ||z|||100yy
200 1 _aЭкология и научно-технический прогресс. Урбанистика
_eматериалы XII Всероссийской научно-практической конференции студентов, аспирантов и молодых ученых (с международным участием) (г. Пермь, 21 ноября 2014 г.)
_f[редкол.: М. Ю. Петухов, к.т.н., доц. (гл. и отв. ред.) и др.]
210 _aПермь
_cИзд-во Пермского национального исследовательского политехнического университета
_d2015
215 _a405 с.
_cил.
_d21
300 _aВ надзаг.: М-во образования и науки Российской Федерации, Федеральное гос. бюджетное образовательное учреждение высш. проф. образования "Пермский нац. исследовательский политехнический ун-т"
300 _aРез. ст. на англ. яз.
320 _aБиблиогр. в конце ст.
517 1 _aУрбанистика
606 _aЭкология
_jСъезды, совещания и т.п
_xВлияние антропических факторов
_91215119
_3RU\NLR\AUTH\66175376
606 1 _aУрбанизация
_jСъезды, совещания и т.п
_xВлияние на окружающую среду
_92626322
_3RU\NLR\AUTH\661562882
606 _aСтроительная экология
_jСъезды, совещания и т.п
_91801314
_3RU\NLR\AUTH\661105267
606 _aЭкология
_jСъезды, совещания и т.п
_xТехнический прогресс
_92449053
_3RU\NLR\AUTH\661456269
675 _a502/504
686 1 _aЕ081.4я431(2)
686 _aУ28(2)2я431
702 1 _aПетухов
_bМ. Ю.
_gМихаил Юрьевич
_4340
711 1 2 _a"Экология и научно-технический прогресс. Урбанистика", всероссийская научно-практическая конференция студентов, аспирантов и молодых ученых (с международным участием)
_d12
_eПермь
_f2014
_9504767
_3RU\NLR\AUTH\880419892
801 0 _aRU
_bРГБ
_c20160119
_gRCR
942 _cBOOK
980 _aNBR